| 000 | 01639cam a22004214i 4500 | ||
|---|---|---|---|
| 003 | PE-LiUPU | ||
| 005 | 20250731165532.0 | ||
| 008 | 150625s r 000 0 d | ||
| 035 | _a(Sirsi) a30258 | ||
| 040 |
_aPE-LiUPU _bspa _cPE-LiUPU _erda |
||
| 082 | 0 | 4 |
_a001.4 _bD79 _221 |
| 100 | 1 |
_aDrevillon, Jean, _eautor. |
|
| 245 | 1 | 0 | _aPracticas educativas y desarrollo del pensamiento operatorio. |
| 264 | 1 |
_aMadrid : _bPiramide, _c1983. |
|
| 336 |
_atext _2rdacontent |
||
| 337 |
_aunmediated _2rdamedia |
||
| 338 |
_avolume _2rdacarrier |
||
| 505 | 0 | _aPracticas educativas en el medio escolar y desarrollo intelectual.Investigación de un modelo de estudio. - Problematica e hipotesis de investigación. - Metodologia. Hipotesis operacionales y plan de experimentación. - Analisis de las situaciones escolares. - Contribución a una psicología genetica diferencial. - Conclusión general. Pedagogia funcional y pensamiento operatorio. | |
| 526 | _aSEG44 | ||
| 526 | _aSEG26 | ||
| 526 | _aP151 | ||
| 526 | _aP150 | ||
| 526 | _aP149 | ||
| 526 | _aP146 | ||
| 526 | _aP145 | ||
| 526 | _aP126 | ||
| 526 | _aP125 | ||
| 526 | _aP92 | ||
| 526 | _aP75 | ||
| 526 | _aP74 | ||
| 526 | _aP27 | ||
| 526 | _aP15 | ||
| 942 |
_2ddc _cBOOK |
||
| 949 |
_a001.4 D79 _wDEWEY _c1 _i28103 _lCCODEBUL1 _mBUL _p00.00 _r0 _sY _tBOOK _u2015-06-25 _xBIBLIOTECA _zUNKNOWN _0COMPRA _o.STAFF. Colección General |
||
| 596 | _a1 | ||
| 999 |
_a001.4 D79 _wDEWEY _c37694 _i28103 _f2021-11-4 _g5 _lCCODEBUL1 _mBUL _r0 _sY _tBOOK _u2015-6-25 _xBIBLIOTECA _zUNKNOWN _0COMPRA _o.STAFF. Colección General _d37694 |
||
| 980 |
_81 _gALBERTO SANCHEZ Responsable de Automatización |
||